000 01208nam a2200337 c 4500
003 BLK
005 20180422102815.0
008 180408b bul|||||r ||||||| ||bul||
010 _aKNG00070391000
040 _aBLK
041 _aBUL
_cBUL
080 _aБългарска литература
_b821.163.2
_x-7
_z821.163.2-7
100 1 _aФъртунов, Стефан
_eпърви автор
_9292790
700 1 _aПроданов, Петър
_eсъавт.
_9370627
700 1 _aДимовски, Борис Илиев
_eил.
_9363792
139 _aФъртунов, Стефан и др.
_bФ 97
245 1 0 _aГабровски шеги
_cСтефан Фъртунов; съавт. Петър Проданов; ил. Борис Илиев Димовски.
250 _a2. изд.
257 _aBGR
260 София
_bСофия-прес
_c1975
300 _a142 с.
_bс ил.
_c16 см
380 _aX
500 _aАвт. не а отбелязани на кор. - 1. изд. 1971.
653 _aхумор
653 _aанекдоти
852 _aЦб І 14581
856 4 _qpdf
_u
856 4 _qpdf
_u
942 _cKNG
_n0
944 _aCR
_c08.01.2007
_kВиолета_Тройчева
944 _aED
_c19.09.2014
_k
999 _c66105
_d66105